| 000 | 00639nam a2200193Ii 4500 | ||
|---|---|---|---|
| 003 | JO-AjNU | ||
| 008 | 230605s9999||||xx |||||||||||||| ||und|| | ||
| 040 |
_aJO-AjNU _bara _erda _cJO-AjNU |
||
| 041 | _aara | ||
| 050 | 1 | 4 | _aTK5105. 2010 |
| 100 | 3 |
_aالبلقطرى ، خالد , _eauthor _944645 |
|
| 245 | 0 | 0 | _aدليل مواقع الانترنت دليلك الافضل المواقع |
| 264 | 3 | 1 | _aالاسكندرية، مركز الاسكندرية، 2010 |
| 300 | _a106ص | ||
| 336 |
_atext _btxt _2rdacontent |
||
| 337 |
_aunmediated _bn _2rdamedia |
||
| 338 |
_avolume _bnc _2rdacarrier |
||
| 650 | 4 |
_aالانترنت _944646 |
|
| 999 |
_aA19292 _c22860 _d22860 |
||